000
00307nam a2200133Ia 4500
008
100328s9999 xx 000 0 und d
082
_b
56338
100
_a
Halpern Howard
245
_a
Cutting Loose
260
_b
Simon & Schuster
630
_a
Cutting Loose
730
_a
Cutting Loose
942
_c
BOOK
999
_c
542914
_d
542911